Systém plánovania v podniku a možnosti jeho zlepšenia bakalárska práca

Gespeichert in:
Bibliographische Detailangaben
1. Verfasser: Hanesová, Mária
Körperschaft: Fakulta podnikového manažmentu EU. Katedra manažmentu
Weitere Verfasser: Slávik, Štefan, 1955-
Format: Buch
Sprache:Slowakisch
Veröffentlicht: Bratislava 2012
Tags: Tag hinzufügen
Keine Tags, Fügen Sie das erste Tag hinzu!

MARC

LEADER 00000nbm a2200000 4500
001 0158721
005 20161109112006.5
041 0 |a slo 
044 |a SK 
245 1 0 |a Systém plánovania v podniku a možnosti jeho zlepšenia  |b bakalárska práca  |c Mária Hanesová ; školiteľ: Štefan Slávik 
264 1 |a Bratislava  |c 2012 
300 |a 52 s. 
100 1 |a Hanesová, Mária 
700 1 |a Slávik, Štefan, 1955- 
710 2 |a Fakulta podnikového manažmentu EU. Katedra manažmentu